| 000 | 00657nam a22002657a 4500 | ||
|---|---|---|---|
| 003 | UA-OsUOA | ||
| 001 | 26197 | ||
| 007 | ta | ||
| 008 | 20040520b un ||||| |||| 00| 0 ukr d | ||
| 100 | _aВалєєв К.Г. | ||
| 700 | _aДжалладова І.А. | ||
| 090 |
_a512.5(075.8) _bВ15 |
||
| 942 | _cBK | ||
| 040 |
_aUA-OsUOA _bukr _cUA-OsUOA _dUA-OsUOA |
||
| 245 |
_aВища математика _bНавчальний посібник |
||
| 300 | _a546 с. | ||
| 955 | _a0 | ||
| 041 | _aukr | ||
| 080 | _a512.5(075.8) | ||
| 020 | _a966-574-220-5 | ||
| 260 |
_aКиїв _bКНЕУ _c2001 |
||
| 044 | _aUA | ||
| 650 | 7 | _2UDC | |
| 999 |
_c312513 _d312513 |
||